[Event "VIE-ch U11"]
[Site "Ho Chi Minh City"]
[Date "2014.07.14"]
[Round "3"]
[White "Huynh, Anh Khoa"]
[Black "Luong, Vinh Thieu"]
[Result "1-0"]
[WhiteElo "1965"]
[BlackElo "1923"]
[PlyCount "111"]
[EventDate "2014.07.13"]
[EventType "swiss"]
[EventRounds "9"]
[EventCountry "VIE"]
[SourceTitle "EXT 2016"]
[Source "ChessBase"]
[SourceDate "2015.10.08"]
[SourceVersion "1"]
[SourceVersionDate "2015.10.08"]
[SourceQuality "1"]

1. e4 c5 2. Nf3 d6 3. d4 cxd4 4. Nxd4 Nf6 5. Nc3 g6 6. Be2 Bg7 7. 0-0 0-0 8. Be3 Nc6 9. f4 Ng4 10. Bxg4 Bxg4 11. Nxc6 Bxc3 12. Nxd8 Bxd1 13. Nxb7 Be2 14. bxc3 Bxf1 15. Kxf1 Rab8 16. Na5 Rbc8 17. Bd4 a6 18. Ke2 Rfd8 19. g4 f6 20. f5 gxf5 21. gxf5 d5 22. Ke3 dxe4 23. Kxe4 Kf7 24. Nb7 Rg8 25. Kd3 Rg5 26. Rf1 Rh5 27. Rf2 Rb8 28. Nc5 a5 29. Nb3 a4 30. Nc5 a3 31. Nb3 Rd8 32. Kc4 Rb8 33. Bc5 Rh4+ 34. Kd3 Ra4 35. Re2 Rb7 36. Bb4 Raxb4 37. cxb4 Rxb4 38. Re4 Rb8 39. c4 Rxb3+ 40. axb3 a2 41. Re1 h5 42. Ra1 e6 43. fxe6+ Kxe6 44. Rxa2 f5 45. Ke3 Kf6 46. c5 Ke7 47. Rd2 Kf6 48. c6 Kg5 49. Rd5 Kg4 50. Rd4+ Kh3 51. c7 h4 52. c8Q Kxh2 53. Rxh4+ Kg3 54. Qc4 Kg2 55. Qf4 Kg1 56. Qf2# 1-0